[Event "ICS rated blitz match"]
[Site "204.178.125.65"]
[Date "1999.08.05"]
[Round "?"]
[White "MissSilicon"]
[Black "Hossa"]
[Result "1-0"]
[WhiteElo "2574"]
[BlackElo "2436"]
[Annotator "Fritz 5.32 (17s)"]
[PlyCount "42"]
[EventDate "1999.??.??"]

1. d4 d5 2. c4 Nc6 3. Nf3 Bg4 4. cxd5 Qxd5 (4... Bxf3 5. dxc6 Bxc6 6. Nc3 e6 7.
e4 Bb4 8. f3 Qh4+ 9. g3 Qh5 (9... Qf6 10. Bg2 O-O-O 11. Be3 Ba5 12. a4 Bb6 13.
Ne2 Ba5+ 14. Bd2 Bxd2+ 15. Qxd2 h5 16. h4 Qh6 17. b4 Qxd2+ 18. Kxd2 f5 19. b5
Be8 20. Rhc1 Nf6 21. Nf4 Rxd4+ 22. Ke3 Rd6 23. e5 Nd5+ 24. Kf2 {
Mohsen,K-Ghonimy,S/Tanta EGY 1998/1-0 (48)}) 10. Be2 O-O-O 11. Be3 f5 12. Qb3
Bxc3+ 13. bxc3 fxe4 14. Qxe6+ Bd7 15. Qxe4 Re8 16. Qd3 Ne7 17. c4 Nf5 18. Bf4
Ba4 19. Kf2 {Granda Zuniga,J-Morozevich,A/Amsterdam DONNER 1995/1-0 (47)}) 5.
Nc3 5... Qh5 $146 (5... Qd7 6. e3 e6 7. Be2 Bb4 8. O-O Nge7 9. a3 Bxc3 10. bxc3
O-O 11. c4 Rfd8 12. Bb2 Ng6 13. Qb3 Nh4 14. Rad1 Bxf3 15. Bxf3 Nxf3+ 16. gxf3
Ne7 17. Kh1 Ng6 18. Rg1 f6 19. e4 Re8 20. Rg4 {
Zielinska,D-Frank,A/World Junior (Girls), Zagan POL 1997/ - (61)}) 6. d5 {
Weiss erhaelt starke Initiative} 6... Bxf3 $16 (6... O-O-O 7. Qa4 Nb8 8. Nb5
Rxd5 9. Nxa7+ Kd8 10. Bf4 $11) 7. exf3 O-O-O 8. Qa4 Rxd5 9. Nxd5 Qxd5 10. Bb5
Ne5 11. Bf4 c6 12. Be2 12... Ng6 $2 (12... Nd7 $142 13. Qxa7 13... e5 $18) 13.
Rd1 Qc5 (13... Nxf4 14. Rxd5 Nxd5 15. Qxa7 15... Ngf6 $18) 14. Be3 {Droht Matt}
14... e6 15. Bxc5 {Mit der Mattdrohung Qxa7} 15... Bxc5 16. O-O Nf6 (16... N8e7
{aendert nichts mehr} 17. b4 Bb6 18. Rd2 $18) 17. Bd3 (17. Rc1 $5 $142 {
erleichterte Weiss die Gewinnfuehrung} 17... Nd7 $18) 17... Ne5 (17... Nd5 {
waere gleichermassen fruchtlos} 18. Rc1 Bb6 19. Rxc6+ Kb8 20. Rc2 $18) 18. f4
Nxd3 19. Rxd3 Nd5 20. Rc1 Bb6 21. f5 g5 1-0

[Event "ICS rated blitz match"]
[Site "204.178.125.65"]
[Date "1999.08.05"]
[Round "?"]
[White "Hossa"]
[Black "libertad"]
[Result "1-0"]
[WhiteElo "2426"]
[BlackElo "2176"]
[Annotator "Fritz 5.32 (17s)"]
[PlyCount "43"]
[EventDate "1999.??.??"]

1. d4 d5 2. c4 dxc4 3. Nf3 Nf6 4. Nc3 c6 5. e4 b5 6. Ne5 $146 (6. e5 Nd5 7. Ng5
(7. a4 Nxc3 (7... b4 8. Ne4 c3 9. Nfg5 h6 10. Qh5 g6 11. Qh4 cxb2 12. Bxb2 Qa5
13. Bc4 b3+ 14. Nd2 hxg5 15. Qxh8 Nf4 16. g3 Nh3 17. e6 Bxe6 18. Bxe6 Nxf2 19.
Rf1 Ne4 20. Rd1 f6 21. Qg8 Nxd2 22. Qf7+ Kd8 23. Qxf8+ Kc7 24. Qxe7+ Kb6 25.
Qd8+ Ka6 26. Bc8# {1-0 Krstev,R-Stoilkovski,J/Skopje FRM 1998 (26)}) 8. bxc3
Be6 (8... Bb7 9. e6 f6 10. Nh4 Qd5 11. Be2 Qe4 12. f4 Qxe6 13. O-O f5 14. Bf3
a6 15. Ra2 Nd7 16. Re2 Qf6 17. Qe1 Kf7 18. Bh5+ g6 19. Nf3 h6 20. Ne5+ Nxe5 21.
fxe5 Qe6 22. Rxf5+ Kg7 23. Rf3 gxh5 24. Ref2 Kg8 25. Qf1 Bg7 26. Rf7 c5 27.
dxc5 Be4 28. Qe2 Bg6 29. R7f3 Kh7 30. Be3 30... Rhf8 {
0-1 Bjarnason,S-Kristjansson,S/Hafnarfjordur ISL 1998 (30)}) 9. Ng5 Bd5 10. e6
fxe6 11. Qg4 Nd7 12. Nxh7 e5 13. Nxf8 Rxf8 14. Be2 exd4 15. Qxd4 Qb6 16. Qh4
Qa5 17. Bd2 Bxg2 18. Bh5+ g6 19. Bxg6+ Kd8 20. Rg1 Bd5 21. Rg5 21... Kc7 {
Ristic,N-Ljukin,S/EuClub Cup qual Gp 1997/0-1 (38)}) 7... h6 8. Nge4 Bf5 9. g4
Bxe4 (9... Bg6 10. Bg2 e6 11. O-O h5 12. Bg5 Be7 13. Nd6+ Kf8 14. Bxe7+ Qxe7
15. Nxd5 cxd5 16. f4 Bd3 17. Rf2 hxg4 18. Qxg4 g6 19. Qg5 Nc6 20. Qxe7+ Kxe7
21. Nxb5 Rab8 22. Nc3 Nxd4 23. Rd1 Nc2 24. Rxd3 cxd3 25. Bf1 Rxb2 26. Bxd3
26... Rc8 {0-1 Schaffer,H-Sobolevsky,L/Bad Zwesten GER 1999 (26)}) 10. Nxe4 e6
11. Bg2 Bb4+ 12. Bd2 O-O 13. O-O Nd7 14. Bxb4 Nxb4 15. b3 cxb3 16. Qxb3 Nd5 17.
Qg3 Qb6 18. Rfd1 Rfd8 19. g5 hxg5 20. Qxg5 20... Nf8 {
Fritz 4.01-Genius 4/A-Plus, Debrecen HUN 1997/0-1 (56)}) 6... e6 {Sichert d5}
7. Bg5 Be7 8. f3 h6 9. Be3 O-O 10. a4 10... b4 $11 (10... Bb4 $5 $17) 11. Ne2
Ba6 12. Rc1 Qc7 13. Nxc4 c5 14. Ne5 $11 (14. dxc5 Rd8 15. Nd6 15... Nbd7 $14 (
15... Bxd6 $143 16. cxd6 Qxd6 17. Qxd6 Rxd6 18. e5 $16)) 14... Nbd7 15. Nxd7
Nxd7 16. b3 {Deckt c4} 16... Rac8 17. Ng3 17... Rfd8 $4 $18 (17... Bxf1 $142 {
war der einzige Versuch} 18. Rxf1 18... Rfd8 $11) 18. Bxa6 Rb8 19. O-O (19. Bb5
{und Weiss haette es noch leichter} 19... Qa5 20. Bf4 20... Rbc8 $18) 19... Qa5
20. Bb5 Nf6 21. Bf4 cxd4 (21... Rbc8 22. Qd3 cxd4 23. Rxc8 23... Rxc8 $18) 22.
Bc7 $1 {kraeftig gespielt} (22. Bc7 Rxb5 23. axb5 Qxb5 24. Bxd8 Bxd8 25. Qd2
$18 (25. Qxd4 {waere hingegen schwach, denn} 25... Bb6 26. Rfd1 e5 27. Qxb6
Qxb6+ 28. Kf1 28... Qe3 $15)) 1-0

[Event "ICS rated blitz match"]
[Site "204.178.125.65"]
[Date "1999.08.05"]
[Round "?"]
[White "libertad"]
[Black "Hossa"]
[Result "0-1"]
[WhiteElo "2170"]
[BlackElo "2432"]
[Annotator "Fritz 5.32 (17s)"]
[PlyCount "100"]
[EventDate "1999.??.??"]

1. Nf3 Nc6 2. e4 e5 3. Bb5 (3. Bc4 Nf6 4. d3 Be7 5. O-O O-O 6. Re1 d6 7. c3 h6
8. h3 Re8 9. Nbd2 Bf8 10. Nf1 g6 11. Ne3 Bg7 12. b4 Ne7 13. Bb3 c6 14. Bb2 a5
15. a3 Nh5 16. d4 Nf4 17. c4 17... Qc7 {
Kasparov,G-Morozevich,A/INTEL Rapid 1995/1-0 (47)}) (3. c3 Nf6 4. d3 d5 5. Nbd2
a5 6. Be2 Bc5 7. O-O O-O 8. b3 d4 9. Bb2 Re8 10. Rc1 dxc3 11. Bxc3 Ba3 12. Rb1
Bg4 13. Nc4 Bxf3 14. Bxf3 Bb4 15. Bb2 Bc5 16. g3 Bd4 17. Bg2 Bxb2 18. Rxb2 Qd4
19. Qb1 Rad8 20. Rd1 Qa7 21. h3 Nd7 22. Ne3 Nd4 23. Kh2 c6 24. Rdd2 Nc5 25. f4
exf4 26. gxf4 Qb8 27. e5 Nce6 28. Qf1 f6 29. Nc4 Rf8 30. Rf2 fxe5 31. fxe5 Qc7
32. Rxf8+ Rxf8 33. Rf2 Rxf2 34. Qxf2 b5 35. Nd6 Qe7 36. Be4 g6 37. Bg2 37...
Qg7 {Petrov,J-Kovacevic,B/Open, Zagreb CRO 1998/0-1 (60)}) 3... Bc5 $146 (3...
f5 4. Nc3 fxe4 5. Nxe4 Be7 6. O-O d5 7. Ng3 Bg4 8. h3 Bxf3 9. Qxf3 Nf6 10. Qe2
Bd6 11. d4 e4 12. c4 Bxg3 13. fxg3 O-O 14. Bxc6 bxc6 15. c5 a5 16. Be3 Qb8 17.
Rf5 Nd7 18. Raf1 {Bolbochan,J-Dueckstein,A/ol, Varna BUL 1962/1-0 (39)}) (3...
Bb4 4. O-O Nge7 5. c3 Ba5 6. d4 exd4 7. cxd4 d5 8. e5 O-O 9. h3 h6 10. a3 f6
11. exf6 Rxf6 12. Nc3 Qd6 13. Re1 Be6 14. Ne5 Raf8 15. Bxc6 Nxc6 16. Be3 Ne7
17. b4 Bb6 18. Ne2 c6 19. Ng3 Bc7 20. Nh5 R6f7 21. Ng3 Rf6 22. Nh5 R6f7 23. Ng3
23... Rf6 {
- Crisan,I-Moffat,A/Toronto Closed Championships, Toronto C 1995 (23)}) 4. c3 {
Befestigt b4} 4... Nge7 $14 (4... Nf6 5. O-O $11) 5. O-O f5 6. d4 $11 (6. exf5
6... O-O $14) 6... exd4 7. cxd4 fxe4 (7... Bb6 8. e5 a6 9. Ba4 $14) 8. dxc5
exf3 9. Qxf3 {Weiss entwickelt Drohungen in der offenen e-Linie} 9... a6 $16 (
9... Nd4 10. Qh5+ Kf8 11. Re1 $14) 10. Bxc6 dxc6 (10... bxc6 $2 11. Re1 Rf8 12.
Qh5+ Rf7 13. Qxh7 $18) (10... Nxc6 $4 {der Laeufer darf nicht angetastet werden
} 11. Re1+ Qe7 12. Qh5+ g6 13. Rxe7+ Nxe7 14. Qe5 $18) 11. Bg5 Be6 12. Re1 Qd7
13. Bxe7 (13. Nc3 h6 14. Rad1 Qc8 15. Bxe7 15... Kxe7 $18) 13... Qxe7 14. Nc3
$11 (14. Qe3 $5 14... Kd7 15. Nc3 $11) 14... O-O-O 15. Re5 Rhe8 16. Rae1 Qd7
17. h3 {Staerkt g4} 17... Bc4 $14 (17... Bf7 $5 $11) 18. Rxe8 Rxe8 19. Rxe8+
Qxe8 20. Qg4+ Qe6 21. Qxg7 {
Der Freibauer f2 wird schnell zu einer gefaehrlichen Waffe} 21... Kb8 (21... h6
22. b3 Bd5 23. Kf1 $16) 22. Qd4 22... Bd5 $18 (22... Bxa2 $5 23. Qd8+ Ka7 24.
Qxc7 24... Bb3 $16) 23. Nxd5 cxd5 24. b4 $16 (24. Qh8+ $5 $142 24... Ka7 25.
Qxh7 Qe1+ 26. Kh2 Qe5+ 27. g3 Qxb2 28. Kg2 $18) 24... Qe1+ 25. Kh2 c6 26. a3
Qc1 27. Qe3 27... Qc4 $18 (27... Qxe3 28. fxe3 a5 29. g4 $18 (29. bxa5 29...
Ka7 $14)) 28. g4 Ka7 29. Kg3 29... Ka8 $18 (29... d4 30. Qe4 Qc3+ 31. Qf3 31...
a5 $14) 30. f4 30... Ka7 {Nun geraet Weiss unter starken Druck.} 31. Kf3 $4 $14
{gibt den Vorteil aus der Hand} (31. Qe7 $18 $142 {
Weiss haette nun das bessere Spiel}) 31... Qf1+ 32. Kg3 Qc4 33. f5 $16 (33. Qe7
Qc1 34. f5 34... d4 $16) 33... d4 {Es droht Matt} 34. Qf3 d3 35. f6 d2 36. f7
Qc1 37. f8=Q d1=Q 38. Qf2 $15 (38. Qxd1 Qxd1 39. Qe7 $18) 38... Qxa3+ 39. Q8f3
Qaxf3+ 40. Qxf3 Qe1+ 41. Kg2 41... Qxb4 {a6 setzt sich schnell in Bewegung} 42.
h4 $2 $19 (42. Qd3 $17 $142) 42... Qxc5 43. Qf2 Qxf2+ 44. Kxf2 {
Schwarz darf nun die Drohung g5 nicht uebersehen} 44... a5 $1 {macht alles klar
} 45. g5 a4 46. h5 a3 47. g6 a2 48. g7 a1=Q 49. g8=Q Qd4+ 50. Kg3 (50. Ke2 Qe5+
51. Kf2 Qxh5 52. Qg7 $19) 50... Qg1+ (50... Qg1+ 51. Kf4 51... Qxg8 $19) 0-1

[Event "ICS rated blitz match"]
[Site "204.178.125.65"]
[Date "1999.08.05"]
[Round "?"]
[White "Hossa"]
[Black "libertad"]
[Result "1-0"]
[WhiteElo "2438"]
[BlackElo "2164"]
[Annotator "Fritz 5.32 (17s)"]
[PlyCount "25"]
[EventDate "1999.??.??"]

1. d4 d5 2. c4 c6 3. Nc3 Nf6 4. cxd5 cxd5 5. f3 (5. Bf4 Nc6 (5... e6 6. e3 Bd6
7. Bxd6 Qxd6 8. Nf3 Nc6 9. Bd3 Bd7 10. O-O Rc8 11. a3 11... Na5 {
- Ksieski,Z-Bogdanovich,G/Untergrombach GER 1999 (11)}) 6. e3 a6 7. Bd3 Bg4 8.
Nge2 e6 9. Rc1 Bd6 10. Qd2 Bxe2 11. Nxe2 O-O 12. O-O Re8 13. h3 g6 14. Rfd1
Bxf4 15. Nxf4 Qd6 16. a3 Rad8 17. Bb1 Re7 18. Nd3 Ne4 19. Qe1 19... Rc7 {
Salov,V-Short,N/Hoogovens, Wijk aan Zee NED 1997/ - (37)}) 5... Nc6 6. e4 6...
dxe4 $146 (6... e6 7. e5 Nd7 8. f4 Bb4 9. Nf3 Qa5 10. Bd2 Qb6 11. Na4 Bxd2+ 12.
Qxd2 Qb4 13. Nc3 Nb6 14. Nb5 O-O 15. Rc1 Qxd2+ 16. Kxd2 f6 17. Nd6 fxe5 18.
fxe5 Nb4 19. a3 Nc6 20. Bb5 Bd7 21. Ke3 {
Hitech-Star Socrates/8th World Computer Chess Championships, 1995/0-1 (60)}) 7.
d5 7... exf3 $16 (7... Ne5 $5 $11 $142 {kam sehr in Betracht}) 8. dxc6 f2+ 9.
Kxf2 Ng4+ 10. Kg3 10... Qb6 $4 $18 {und es geht weiter bergab} (10... Qc7+ $142
11. Bf4 11... e5 $14) 11. cxb7 Qf2+ 12. Kh3 {Droht Matt: Bb5} 12... Qxf1 (12...
Ne5+ {ist der letzte Rettungsanker} 13. bxc8=B Rxc8 14. Bb5+ 14... Nc6 $18) 13.
Qa4+ (13. Qa4+ Kd8 14. bxa8=Q (14. bxa8=B Nf2+ 15. Kh4 Nxh1 16. Qa5+ Ke8 17.
Bc6+ Bd7 18. Bxd7+ Kxd7 19. Qxa7+ 19... Ke6 $18) (14. bxa8=N Ne3+ 15. Kg3 Qxg2+
16. Kf4 Nc4 17. Qxc4 Qg4+ 18. Ke3 18... Qxc4 $19) (14. bxa8=R {
waere ein Fehlgriff} 14... Ne5+ 15. Kh4 Qxg2 16. Qd4+ Nd7 17. Qxa7 17... Qc6
$18) (14. bxc8=Q+ {ist sichtlich schwaecher} 14... Rxc8 15. Qxg4 h5 16. Qd4+
16... Ke8 $18) (14. bxc8=N Nf2+ 15. Kh4 Nxh1 16. Qa5+ Kxc8 17. Qc5+ Kb7 18.
Qb4+ Kc8 19. Qc5+ 19... Kb8 $11) (14. bxc8=B $6 {ist sichtlich schlechter}
14... Nf2+ 15. Kh4 Rxc8 16. Qd4+ 16... Ke8 $11) (14. bxc8=R+ {
ist weit schwaecher wegen} 14... Rxc8 15. Qxg4 h5 16. Qd4+ 16... Ke8 $18) 14...
Nf6+ 15. Kg3 Qe1+ 16. Kf3 Qf1+ 17. Ke3 $18) (13. Qxf1 $5 $142 {
gibt noch groesseren Vorteil} 13... Ne5+ 14. bxc8=B 14... Rxc8 $18) 1-0

[Event "ICS Rated blitz match"]
[Site "204.178.125.65"]
[Date "1999.08.05"]
[Round "?"]
[White "Hossa"]
[Black "postalex"]
[Result "1-0"]
[WhiteElo "2433"]
[BlackElo "2088"]
[Annotator "Fritz 5.32 (17s)"]
[PlyCount "79"]
[EventDate "1999.??.??"]

1. d4 d5 2. c4 e6 3. Nc3 c5 4. cxd5 cxd4 5. Qa4+ Bd7 6. Qxd4 exd5 7. Qxd5 Nc6
8. e4 $146 (8. Qd1 Nf6 9. e3 Bc5 10. Nf3 Qe7 11. Bb5 (11. Be2 O-O-O 12. O-O g5
13. a3 (13. b4 Bxb4 14. Qb3 Kb8 15. Rb1 Be6 16. Qc2 Qc5 17. Bd2 Bf5 18. Qb2
Bxb1 19. Rxb1 19... Rxd2 {0-1 Destaing-Martine/cr, FRA 0 (19)}) 13... g4 14.
Nd4 Kb8 15. b4 Bb6 16. b5 Ne5 17. a4 Rhg8 18. Ba3 Bc5 19. Bxc5 Qxc5 20. Rc1 h5
21. Qb3 Nf3+ 22. Nxf3 Be6 23. Qb2 gxf3 24. Bxf3 Qe5 25. Qb4 25... Bg4 {
Sergienko,S-Pisk,P/Trinec CZE 1999/ - (36)}) 11... O-O (11... O-O-O 12. Qe2 a6
13. Ba4 g5 14. O-O Rhe8 15. a3 g4 16. Ne1 Kb8 17. b4 Bd6 18. Qb2 b5 19. Bb3 Ne5
20. Ne2 Nf3+ 21. gxf3 gxf3 22. Ng3 Be5 23. Qa2 Bc6 24. Bb2 Ng4 25. Bxe5+ Nxe5
26. Qc2 {Rotariu-Krantz/cr, EU/23 1982/0-1 (44)}) 12. O-O Rfd8 13. Qe2 Bg4 14.
Bxc6 bxc6 15. b3 Nd7 16. h3 Bh5 17. Bb2 Bd6 18. Nb1 Be5 19. g4 Bg6 20. Nc3 h5
21. Rfd1 hxg4 22. hxg4 Bc7 23. Kg2 Nf6 24. Nd4 Re8 25. Rh1 Qd7 26. Rh4 c5 27.
Rah1 Nh7 28. Nf5 Rad8 29. Qf3 f6 30. Rd1 Qe6 31. Rxd8 Rxd8 32. Ne4 Rd5 33. Nc3
Bxf5 34. gxf5 Rxf5 35. Qa8+ Nf8 36. Ne4 Qa6 37. a4 Qe2 38. Ba3 Qf3+ 39. Kf1
Qxe3 40. Qd5+ Rxd5 41. fxe3 Ne6 42. Ke2 42... Ba5 {
Izumakawa,B-Schiller,E/Mechanics Masters, San Francisco USA 1997/0-1 (53)}) (8.
Nf3 Nf6 9. Qb3 Bc5 10. e3 Qe7 11. Bd2 O-O-O 12. Bb5 g5 13. Rc1 Kb8 14. Na4 Ne4
15. Nxc5 Nxc5 16. Qa3 b6 17. Bc3 g4 18. Nd2 Ne5 19. Bxe5+ Qxe5 20. Bxd7 Rxd7
21. Nc4 Qe4 22. O-O 22... Nd3 {
Gomez Esteban,J-Bellon Lopez,J/Elgoibar ESP 1998/1-0 (42)}) 8... Nf6 9. Qg5 Bb4
10. Qxg7 Rg8 11. Qh6 11... Nxe4 $16 (11... Rg6 $5 {bedarf naeherer Analyse} 12.
Qe3 12... Nxe4 $16) 12. Qxh7 Rg6 13. Qh8+ Ke7 14. Qh4+ Kf8 15. Qxd8+ $11 (15.
Qxe4 Re6 16. Qxe6 Bxe6 17. a3 Bxc3+ 18. bxc3 $11) 15... Rxd8 (15... Nxd8 $2 16.
Nge2 $18) 16. a3 16... Nxc3 {Mit der Drohung Bg4} 17. axb4 Nxb4 18. Be3 (18.
Rxa7 $4 {Weiss schlaegt einen vergifteten Bauern} 18... Bb5 $1 {
ist die Ueberraschung!} 19. Bh6+ 19... Kg8 $19) 18... Nc2+ 19. Kd2 Nxa1 20.
Bc5+ Kg8 21. Kxc3 Rc6 22. b4 b6 23. Bc4 bxc5 24. b5 24... Rg6 {
Mit der Absicht Bxb5} 25. Ne2 (25. Nf3 Rxg2 26. Rxa1 26... Rxf2 $19) 25... Rxg2
(25... Nc2 26. Kxc2 Rxg2 27. h4 $19) 26. Rxa1 Rxf2 27. Rxa7 Be6 (27... Rf3+ $5
28. Kb2 Bf5 29. Ra2 $19 (29. Bxf7+ $4 {
der kann natuerlich nicht genommen werden} 29... Kf8 30. Bb3 Rd2+ 31. Kc1 Rxe2
(31... Rxb3 {waere ein Fehlgriff} 32. Kxd2 Rxb5 33. h4 $11) 32. Ra8+ 32... Ke7
$19)) 28. Bxe6 fxe6 (28... Rxe2 $6 29. Bxf7+ Kf8 30. h4 $15) 29. Ng3 (29. Ra2
Rxh2 30. Rb2 30... Rh4 $19) 29... Rxh2 30. Ne4 Rd4 (30... Rh3+ $5 31. Kc2 Rb8
32. Nc3 $19) 31. Nxc5 31... Rd6 $17 (31... e5 32. Ne6 Rh3+ 33. Kc2 Rc4+ 34. Kd1
$19) 32. Kb3 Rh4 33. Rb7 e5 34. Re7 {Weiss entwickelt eine toedliche Initiative
} 34... Rd5 35. Rc7 35... e4 $4 $16 {vergibt den Vorteil} (35... Rdd4 $142 {
nun kommt Schwarz in Vorteil} 36. Na6 36... Kf8 $19) 36. b6 36... Rh6 $18 (
36... Rd4 $5 37. Kc3 37... e3 $18) 37. b7 {Mit der Mattdrohung b8Q} 37... Rb6+
38. Kc4 38... Rd8 $4 {Schwarz bricht voellig ein} (38... Rd2 $142 39. Rc8+
39... Kf7 $18) 39. Rc8 (39. Nxe4 $6 {scheitert an} 39... Rf8 40. Kc5 40... Rb1
$16) 39... Rxb7 40. Rxd8+ (40. Rxd8+ Kf7 41. Nxb7 $18) 1-0

[Event "ICS rated blitz match"]
[Site "204.178.125.65"]
[Date "1999.08.05"]
[Round "?"]
[White "MissSilicon"]
[Black "Hossa"]
[Result "1-0"]
[WhiteElo "2584"]
[BlackElo "2437"]
[Annotator "Fritz 5.32 (17s)"]
[PlyCount "119"]
[EventDate "1999.??.??"]

1. Nf3 Nc6 (1... g6 2. e4 Bg7 3. d4 d6 4. Nc3 Nf6 5. Be2 O-O (5... c5 6. dxc5
Qa5 7. O-O Qxc5 8. e5 dxe5 9. Nb5 Ng4 10. h3 e4 11. Nfd4 Nf6 12. Be3 Qe5 13.
Nb3 Nc6 14. Qd2 O-O 15. Rad1 Nh5 16. N3d4 Nd8 17. f4 exf3 18. Nxf3 Qg3 19. Bf2
Qf4 20. Be3 {
Uritzky,M-Lev,R/Israeli National Championships, Tel Avi 1994/0-1 (50)}) 6. O-O
Nc6 7. d5 Nb8 8. h3 c6 9. Re1 Nbd7 10. Bf1 Qc7 11. a4 a5 12. Be3 Rd8 13. Nd2
Nc5 14. Nc4 Nfd7 15. Bd4 Bf8 16. Qd2 {
Mikac,M-Finkel,A/2nd op, Nova Gorica SLO 1997/0-1 (48)}) (1... b6 2. e4 Bb7 3.
d3 g6 4. g3 Bg7 5. Bg2 e5 6. h4 h5 7. Nc3 Nc6 8. Bg5 f6 9. Be3 Nh6 10. Bxh6
Bxh6 11. d4 d6 12. d5 {
- Hartoch,R-Theulings,P/Semi-finals Dutch championships, Ensche 1994 (12)}) 2.
Nc3 d5 3. d4 Bf5 4. e3 e6 5. Bb5 Bd6 6. Ne5 Bxe5 7. dxe5 Nge7 8. g4 Bg6 9. f4
O-O 10. O-O f6 11. exf6 Rxf6 12. Bd3 Bxd3 13. cxd3 Rf7 14. Qb3 Rb8 15. g5 d4
16. Nb5 dxe3 17. Bxe3 Nf5 18. Rae1 a6 19. Nc3 Qe7 20. Qc4 Re8 21. Bf2 Nd6 22.
Qa4 Qd8 23. Bh4 Qd7 24. Ne4 Nxe4 25. Qxe4 Rf5 26. Bg3 Rd5 27. Re3 Rd4 28. Qf3
Rf8 29. Qg4 Rf5 30. Qe2 Rd6 31. a3 {Verwehrt dem Gegner b4} 31... Nd4 {
Nicht von der Hand zu weisen} 32. Qg2 c6 33. b4 Rf7 34. Qd2 34... Nf5 {
Der Springer steht auf f5 komfortabel} 35. Ref3 Rd5 36. Bf2 36... Qe7 $11 (
36... Nd6 37. Bc5 $15) 37. d4 $15 (37. Re1 $5 $11 {kommt in Betracht}) 37...
Qd8 38. Rd3 a5 39. Re1 axb4 40. axb4 Rd6 41. Qc3 Qc7 42. Re2 Rf8 43. Qc2 Qf7
44. Rd1 Qh5 45. Qe4 Ne7 46. Bg3 Ng6 (46... Nd5 47. Rc1 $15) 47. Ree1 47... Rf5
$11 (47... Nh4 48. Re2 $15) 48. Ra1 Qh3 49. Ra8+ Nf8 50. b5 cxb5 (50... Rxb5
51. f5 e5 52. Bxe5 Rxe5 53. dxe5 $18 (53. Qxe5 $6 53... Qg4+ 54. Qg3 Qxd4+ 55.
Kh1 Qd5+ 56. Qg2 Qxg2+ (56... Qxf5 $4 {der Bauer ist nicht zu nehmen} 57. Rf1
Rd5 58. Qe2 $18) 57. Kxg2 57... Rd5 $14)) 51. Qxb7 51... g6 $4 $18 (51... Rdd5
$14 $142 {bringt noch Rettung}) 52. Qe7 e5 (52... Ra6 {nuetzt auch nichts mehr}
53. Rxa6 Rf7 54. Qd8 $18) 53. Qxd6 exf4 54. Ree8 Qf1+ 55. Kxf1 {
Droht Matt: Rxf8} 55... fxg3+ 56. Kg2 Kg7 57. Re7+ Rf7 (57... Kg8 {
hilft auch nicht mehr} 58. Qe6+ Kh8 59. Qe5+ Rf6 60. Rxf8#) 58. Qf6+ Kg8 59.
Qxf7+ Kh8 60. Rxf8# (60. Qxf8# $6 $11) 1-0

[Event "ICS rated blitz match"]
[Site "204.178.125.65"]
[Date "1999.08.05"]
[Round "?"]
[White "Hossa"]
[Black "Secret"]
[Result "1/2-1/2"]
[WhiteElo "2427"]
[BlackElo "2484"]
[PlyCount "287"]
[EventDate "1999.??.??"]

1. d4 d5 2. c4 e6 3. Nc3 Nf6 4. cxd5 exd5 5. Bg5 Be7 6. e3 c6 7. Nf3 Bf5 8. Bd3
Bxd3 9. Qxd3 Nbd7 10. O-O O-O 11. Qf5 Rc8 12. Rac1 Re8 13. Rfe1 g6 14. Qh3 h5
15. e4 dxe4 16. Bxf6 Nxf6 17. Nxe4 Qb6 18. Rc2 Rcd8 19. Nc3 Bd6 20. Rce2 Rxe2
21. Rxe2 Bf8 22. Qh4 Bg7 23. b3 Ng4 24. Na4 Qa5 25. h3 Bf6 26. Qg3 Nh6 27. Re4
Nf5 28. Qf4 b5 29. g4 hxg4 30. hxg4 bxa4 31. gxf5 Qxf5 32. Qxf5 gxf5 33. Re3
Bxd4 34. Re7 axb3 35. axb3 Bb6 36. Kg2 Kg7 37. Re2 Rd3 38. Rb2 Kf6 39. Ne1 Rc3
40. Nf3 a6 41. Ng1 Rd3 42. Nf3 a5 43. Ne1 Rc3 44. Kg1 Rc1 45. Kf1 a4 46. bxa4
Ba5 47. Re2 Ra1 48. f3 Rxa4 49. Ng2 Bc3 50. Rc2 Ra3 51. f4 c5 52. Ke2 Bd4 53.
Rd2 Rg3 54. Kd1 Ke6 55. Nh4 Ra3 56. Re2+ Be3 57. Ng2 Ra1+ 58. Kc2 Ra2+ 59. Kd1
Rxe2 60. Kxe2 Bc1 61. Kd1 Bxf4 62. Nxf4+ Ke5 63. Nh3 f6 64. Ke2 Ke4 65. Nf2+
Kd5 66. Ke3 c4 67. Nh3 c3 68. Kd3 Ke5 69. Nf2 Kf4 70. Nd1 c2 71. Kxc2 Ke4 72.
Kd2 Kf3 73. Ne3 f4 74. Nf5 Ke4 75. Nh4 Kd5 76. Nf3 Kd6 77. Kc3 Ke6 78. Kd3 Kf5
79. Ke2 Kg4 80. Kf2 Kh3 81. Nd4 f3 82. Nf5 Kg4 83. Nd6 Kf4 84. Nc4 Ke4 85. Na5
Kd5 86. Nb7 Kc6 87. Nd8+ Kd5 88. Nf7 Ke4 89. Nh6 Kf4 90. Ng8 f5 91. Nf6 Ke5 92.
Nh5 Kd5 93. Nf4+ Ke4 94. Ne6 Kd3 95. Nc5+ Kd4 96. Nd7 Kd5 97. Nb8 Kd6 98. Na6
Kc6 99. Nb4+ Kb5 100. Nd5 Kc5 101. Nf4 Kd4 102. Ne6+ Kd3 103. Nc7 Ke4 104. Na6
f4 105. Nb8 Kf5 106. Nc6 Kg4 107. Nd4 Kg5 108. Nb3 Kf5 109. Nc5 Kg4 110. Ne4
Kf5 111. Nc3 Ke6 112. Na4 Kd5 113. Nb6+ Kc6 114. Nc8 Kc5 115. Ne7 Kd4 116. Nc6+
Ke4 117. Nd8 Kd5 118. Nf7 Ke4 119. Nd6+ Kd5 120. Nb5 Kc5 121. Na3 Kb4 122. Nb1
Kc4 123. Nd2+ Kd4 124. Kf1 Ke3 125. Nc4+ Kd3 126. Ne5+ Ke4 127. Ng4 Kf5 128.
Nf2 Ke5 129. Ke1 Kd4 130. Kd2 Kc4 131. Kd1 Kd5 132. Kc1 Ke6 133. Kd2 Kd5 134.
Kd3 Ke5 135. Kc4 Ke6 136. Kb5 Kf5 137. Kb6 Kg5 138. Kc6 Kh4 139. Kd5 Kg3 140.
Ne4+ Kg2 141. Ke5 f2 142. Nxf2 f3 143. Ne4 f2 144. Nxf2 {
Game drawn because neither player has mating material} 1/2-1/2